Tlalpujahua (Record no. 28035)

MARC details
000 -LEADER
fixed length control field 00738nam a22002057a 4500
005 - DATE AND TIME OF LATEST TRANSACTION
control field 20231117082953.0
008 - FIXED-LENGTH DATA ELEMENTS--GENERAL INFORMATION
fixed length control field | mx o|||gr||| 00| 0 spa|d
050 04 - LIBRARY OF CONGRESS CALL NUMBER
Classification number F1306 .9 .T53
Item number H47 1980
050 04 - LIBRARY OF CONGRESS CALL NUMBER
Classification number F1391.T493
Item number H47 1980
100 1# - MAIN ENTRY--PERSONAL NAME
Personal name Herrejón Pereda, Carlos
245 10 - TITLE STATEMENT
Title Tlalpujahua
Statement of responsibility, etc / Carlos Herrejón Pereda.
250 ## - EDITION STATEMENT
Edition statement 1a ed.
260 ## - PUBLICATION, DISTRIBUTION, ETC. (IMPRINT)
Place of publication, distribution, etc México :
Name of publisher, distributor, etc Gobierno del Estado de Michoacán,
Date of publication, distribution, etc 1980
300 ## - PHYSICAL DESCRIPTION
Extent 203 p. :
Other physical details il. ;
Dimensions 22 cm.
490 0# - SERIES STATEMENT
Series statement Monografía Municipal del Estado de Michoacán
504 ## - BIBLIOGRAPHY, ETC. NOTE
Bibliography, etc Bibliografía : p. 199-203 e índice
651 #7 - SUBJECT ADDED ENTRY--GEOGRAPHIC NAME
Source of heading or term lemb
Geographic name Tlalpujahua de Rayón (Michoacán de Ocampo)
Geographic subdivision (México)
General subdivision Monografía
651 #7 - SUBJECT ADDED ENTRY--GEOGRAPHIC NAME
Source of heading or term lemb
Geographic name Tlalpujahua (Michoacán : Municipio)
942 ## - ADDED ENTRY ELEMENTS (KOHA)
Source of classification or shelving scheme Biblioteca del Cogreso de los Estados Unidos
Koha item type Libro
Holdings
Estado de pérdida Fuente de clasificación Estado del daño No para préstamo Ubicación permanente Ubicación actual Apartado o colección Fecha de adquisición Edición Dependencia de educación superior (DES) Área del conocimiento Clasificación Código de Barras Date last seen Número de copia Costo por reposición Tipo de recurso Nota pública Fuente de adquisición
  Biblioteca del Cogreso de los Estados Unidos   Uso interno Biblioteca Biblioteca de la Facultad de Economía Biblioteca de la Facultad de Economía General 13/11/2023 1a ed. Ciencias Económico Administrativas Educación y Humanidades F1391.T493 H47 1980 BFE000010239 30/06/2016 1 1.00 Libro   Unidad Académica
  Biblioteca del Cogreso de los Estados Unidos     Biblioteca del Instituto de Investigaciones Históricas Biblioteca del Instituto de Investigaciones Históricas Fondo Michoacán 12/01/2012 1a ed. Humanidades Ciencias Sociales y Administrativas F1306 .9 .T53 H47 1980 IIH000006374 12/01/2012 C:1 1.00 Libro MICHOACÁN  
  Biblioteca del Cogreso de los Estados Unidos     Biblioteca del Instituto de Investigaciones Históricas Biblioteca del Instituto de Investigaciones Históricas Fondo Michoacán 12/01/2012 1a ed. Humanidades Ciencias Sociales y Administrativas F1306 .9 .T53 H47 1980 IIH000006375 12/01/2012 C:2 1.00 Libro MICHOACÁN  
  Biblioteca del Cogreso de los Estados Unidos     Biblioteca del Instituto de Investigaciones Históricas Biblioteca del Instituto de Investigaciones Históricas Fondo Michoacán 19/01/2012 1a ed. Humanidades Ciencias Sociales y Administrativas F1306 .9 .T53 H47 1980 IIH000006376 19/01/2012 C:3 1.00 Libro MICHOACÁN